| 000 | 00437nam a2200181Ia 4500 | ||
|---|---|---|---|
| 008 | 230711s9999||||xx |||||||||||||| ||und|| | ||
| 020 | _a978-93-325-4219-8 | ||
| 041 | _aENG | ||
| 082 |
_a658.3 _bDE-H |
||
| 100 | _aDessler,Gary | ||
| 245 | 0 | _aHuman resource management | |
| 250 | _a14th Ed. | ||
| 260 |
_c2016 _aNew Delhi _bPearson |
||
| 300 | _a570p. | ||
| 650 | _aUNIVESITY BUSNIESS SCHOOL | ||
| 700 | _aVarkkey,Biju | ||
| 942 | _cBK | ||
| 999 |
_c5931 _d5931 |
||